000 00448nam a2200169Ia 4500
003 LK-CoDNM
005 20240502143245.0
008 010623t1939 xxu||||| |||| 00| 1 sin d
040 _aLK-CoDNM
_dLK-CoDNM
_eLK-CoDNM
041 _asin
080 _aඩ7
245 _aඅධ්‍යාපන ප්‍ර‍වෘත්ති
246 _aThe Education Gazette
260 _bM.D.Gunasena
_aColombo
_c1939
300 _b288p.,25 cm
942 _cBK
999 _c99288
_d99288